Movies Quiz

Random Movies or Disney Quiz

Name that Disney movie by its quote! Quiz Stats

 Plays Quiz not verified by Sporcle

Challenge
Share
Tweet
Embed
Score 0/20 Timer 13:00
0 Plays Today
Quote Movie Title % Correct
'If I didn't know better, I'd think you had feelings for this monster.'Beauty and the Beast
74.1%
'I won't! I love him, Father. Look around you. This is where the path of hatred has brought us. This is the path I choose, Father. What will yours be?'Pocahontas
70.2%
'Ev'ry time she find a minute, that's the time when they begin it'Cinderella
66.8%
'The heart of a pig! Then I've been tricked!'Snow White and the seven dwarfs
62.4%
One Hundred and 16th and Broadway! Thank you mirror!Enchanted
55.5%
I'm sorry I bit you... and pulled your hair... and punched you in the faceLilo and Stitch
54.3%
'Wonderful! Magnificent! Glorious!... Punctual!'Aladdin
52.4%
'One minute you're defending the whole galaxy, and, suddenly, you find yourself sucking down Darjeeling with... Marie Antoinette and her little sister.'Toy Story
45.6%
Listen, kid. I hate to break it to ya, but the dynamic duo is now the dynamic unoOliver and Company
42.9%
'My story begins in London, not so very long ago. And yet so much has happened since then, that it seems more like an eternity.'101 Dalmatians
41.6%
Quote Movie Title % Correct
'What we gonna do?' ' I don't know, what'cha onwanna do?' The Jungle Book
39.2%
'pour the wine and cut the cheese'The Hunchback of Notre Dame
38.8%
First, to make the magic begin, you wiggle your nose, and you tickle your chin. Now close your eyes, and cross your heart, and presto! - breakfast, la carte.The Aristocats
37.5%
'I've had it with your emotional constipation!'Tarzan
26.9%
“Where are you going? “ “With luck, forward.”Ratatouille
21.1%
'Remember our motto: 'When the going gets tough, the tough get going!'The Lion King 2
19.9%
'Let's put a pin in it'Bolt
17.6%
'How many cups of sugar does it take to get to the moon?' 'Uh three and a half?'A Goofy Movie
14.4%
'No more mister nice guy.'The Rescuers Down Under
7.7%
'I’ve sailed all the 5 seas!' '7, there are 7 seas and Tripoli is in the sub tropics commodore'James and the Giant Peach
6.1%

You're not logged in!

Compare scores with friends on all Sporcle quizzes.
Join for Free
OR
Log In

You Might Also Like...

Show Comments

Extras

Created Mar 24, 2010ReportNominate
Tags:Disney Quiz, Quote Quiz

Top Quizzes Today


Score Distribution

Your Account Isn't Verified!

In order to create a playlist on Sporcle, you need to verify the email address you used during registration. Go to your Sporcle Settings to finish the process.

Report this User

Report this user for behavior that violates our Community Guidelines.

Details: